000 00305nam a22001457a 4500
008 221104b ||||| |||| 00| 0 eng d
020 _a0398057060
041 _aeng
080 _a159.9
082 _a159.9
100 _a25
101 _aPSI
245 _aYOUTH SUICIDE
_cCIMBOLIC P
942 _2udc
_cBK
999 _c58730
_d58730